Library of the University of Algiers 3
Ibrahim Sultan Cheibout
شعار جامعة الجزائر 3
مكتبة جامعة الجزائر 3
إبراهيم سلطان شيبوط

الإحتمالات والإحصاء / (رقم التسجيلة. 45508)

تفاصيل مارك
000 -LEADER
fixed length control field 00929nam a2200205Ia 4500
003 - CONTROL NUMBER IDENTIFIER
control field Ost
005 - DATE AND TIME OF LATEST TRANSACTION
control field 20260507075647.0
008 - FIXED-LENGTH DATA ELEMENTS--GENERAL INFORMATION
fixed length control field 260507s9999||||xx |||||||||||||| ||und||
040 ## - CATALOGING SOURCE
Transcribing agency fsecg
041 ## - LANGUAGE CODE
Language code of text/sound track or separate title ara
082 ## - DEWEY DECIMAL CLASSIFICATION NUMBER
Classification number 519.2
100 ## - MAIN ENTRY--PERSONAL NAME
Personal name المدني، محمد غالب
Relator term مؤلف
245 #0 - TITLE STATEMENT
Title الإحتمالات والإحصاء /
Statement of responsibility, etc. محمد غالب المدني
260 ## - PUBLICATION, DISTRIBUTION, ETC.
Place of publication, distribution, etc. الرياض:
Name of publisher, distributor, etc. مركز النشر العلمي,
Date of publication, distribution, etc. 1992
300 ## - PHYSICAL DESCRIPTION
Extent 483 صفحة؛
Other physical details إيضاحات ؛
Dimensions 24 سم
520 ## - SUMMARY, ETC.
Summary, etc. الإحتمالات- المتغيرات العشوائية- بعض توزيعات الإحتمال- المتقطعة- بعض توزيعات الإحتمال المستمرة- دوال المتغيرات العشوائية- نظرة التقدير- إختيارات الفرضيات- الإنحدار والإرتباط.
653 ## - INDEX TERM--UNCONTROLLED
Uncontrolled term الإحتمالات
653 ## - INDEX TERM--UNCONTROLLED
Uncontrolled term الإحصاء
942 ## - ADDED ENTRY ELEMENTS (KOHA)
Koha item type كتب
المقتنيات
Withdrawn status Lost status Source of classification or shelving scheme Damaged status Not for loan Home library Current library Date acquired Serial enumeration / chronology Inventory number Total checkouts Full call number Barcode Date last seen Price effective from Koha item type
    Dewey Decimal Classification   NOT LOAN / إعارة داخلية مكتبة كلية العلوم الإقتصادية والعلوم التجارية وعلوم التسيير مكتبة كلية العلوم الإقتصادية والعلوم التجارية وعلوم التسيير 07/05/2026 الطابق الأرضي 1631/1   أ/1631ن1 1631/1 07/05/2026 07/05/2026 كتب

موارد الويب المفتوحة


© University of Algiers 3 All Rights Reserved
|
Implemented by LECHELAH Riad